Institutional agricultural credit (short term loans) and crop production with sp (Record no. 15776)

MARC details
000 -LEADER
fixed length control field 00319nam a2200121Ia 4500
082 ## - DEWEY DECIMAL CLASSIFICATION NUMBER
Classification number RS.0205
100 ## - MAIN ENTRY--AUTHOR NAME
Personal name Satyabhama, S.
245 #0 - TITLE STATEMENT
Title Institutional agricultural credit (short term loans) and crop production with sp
260 ## - PUBLICATION, DISTRIBUTION, ETC. (IMPRINT)
Year of publication 0
300 ## - PHYSICAL DESCRIPTION
Number of Pages 195p.
942 ## - ADDED ENTRY ELEMENTS (KOHA)
Koha item type Books
Holdings
Withdrawn status Lost status Damaged status Not for loan Collection code Home library Current library Date acquired Bill Date Full call number Accession Number Price effective from Koha item type
      Not For Loan ICSSR Research Project Reports NASSDOC Library NASSDOC Library 08/10/2004 2004-10-22 RS.0205 17814 18/04/2019 Research Reports